00326nam a22001097a 4500020000800000040001600008082001300024100002700037245007600064260003200140300004400172 qPB. cFIZZA ISHAQ a510bGOL aGoldstein , Larry J.  aFinite Mathematics & Its Applications Math 106 /c Larry J. Goldstein. aNew York:bPearson ,c2010. a393 p. ;c‎ 8.24 x 1.12 x 10.3 inches